Entry Personal Name
Number of records used in: 1
001 - CONTROL NUMBER
003 - CONTROL NUMBER IDENTIFIER
005 - DATE AND TIME OF LATEST TRANSACTION
- control field:
20231121121716.0
008 - FIXED-LENGTH DATA ELEMENTS
- fixed length control field:
800423n| azannaab |n aaa
010 ## - LIBRARY OF CONGRESS CONTROL NUMBER
- LC control number:
n 50017512
040 ## - CATALOGING SOURCE
- Original cataloging agency:
DLC
- Language of cataloging:
eng
- Description conventions:
rda
- Transcribing agency:
DLC
- Modifying agency:
DLC
100 10 - HEADING--PERSONAL NAME
- Personal name:
Gunning, Brian E. S.
670 ## - SOURCE DATA FOUND
- Source citation:
His Plant cell biology, 1975.
670 ## - SOURCE DATA FOUND
- Source citation:
Information from 678 converted Dec. 18, 2014
- Information found:
(prof. of developmental biology, Australian National University, Canberra)